[Event "San Sebastian Mendez Memorial 9th"]
[Site "San Sebastian del Pepino"]
[Date "2023.01.15"]
[Round "4"]
[White "Gerena Rivas, Eliam"]
[Black "Boggiano Pereira, Miguel A"]
[Result "0-1"]
[WhiteElo "2130"]
[BlackElo "1982"]
[PlyCount "74"]
[EventDate "2023.01.13"]
[EventType "swiss"]
[EventRounds "5"]
[EventCountry "PUR"]
[SourceTitle "CBM 212 Extra"]
[Source "ChessBase"]
[SourceDate "2023.03.31"]
[SourceVersion "1"]
[SourceVersionDate "2023.03.31"]
[SourceQuality "1"]

1. e4 c5 2. Nf3 d6 3. d4 cxd4 4. Nxd4 Nf6 5. Nc3 a6 6. Be2 e5 7. Nb3 Be7 8. Be3 Be6 9. Nd5 Bxd5 10. exd5 Nbd7 11. c4 0-0 12. 0-0 Rc8 13. Qd2 Ne4 14. Qb4 Qc7 15. Na5 Nec5 16. Qa3 f5 17. b4 f4 18. Bc1 Ne4 19. Bg4 Rb8 20. Qd3 Ndf6 21. Bf5 Ng5 22. Bd2 e4 23. Qb3 Nxd5 24. Bxh7+ Kxh7 25. cxd5 f3 26. Bxg5 Bxg5 27. Qc4 Qe7 28. Rae1 Rbe8 29. Nb3 Bf4 30. g3 Qd7 31. Kh1 Qh3 32. Rg1 Rf6 33. Qf1 Qh5 34. h4 Rh6 35. Qh3 e3 36. gxf4 Qxh4 37. Qxh4 Rxh4# 0-1

[Event "San Sebastian Mendez Memorial 9th"]
[Site "San Sebastian del Pepino"]
[Date "2023.01.14"]
[Round "3"]
[White "Font Alvelo, Joaquim"]
[Black "Gerena Rivas, Eliam"]
[Result "0-1"]
[WhiteElo "2166"]
[BlackElo "2130"]
[PlyCount "80"]
[EventDate "2023.01.13"]
[EventType "swiss"]
[EventRounds "5"]
[EventCountry "PUR"]
[SourceTitle "CBM 212 Extra"]
[Source "ChessBase"]
[SourceDate "2023.03.31"]
[SourceVersion "1"]
[SourceVersionDate "2023.03.31"]
[SourceQuality "1"]

1. Nf3 g6 2. g3 Bg7 3. Bg2 d6 4. 0-0 e5 5. c4 f5 6. Nc3 Nf6 7. d3 0-0 8. Rb1 Qe7 9. Bg5 c6 10. Nd2 h6 11. Bxf6 Bxf6 12. Qc2 Be6 13. b4 Rc8 14. b5 Qc7 15. Rfc1 Nd7 16. Nb3 d5 17. bxc6 bxc6 18. cxd5 cxd5 19. Qd2 Bg5 20. e3 Qd6 21. h4 Be7 22. e4 Kg7 23. exd5 Bf7 24. Na5 Bd8 25. Nc4 Qa6 26. Nb5 Rc5 27. Nca3 Rac8 28. Rxc5 Rxc5 29. d4 exd4 30. Qxd4+ Bf6 31. Qd2 Qa4 32. Rb3 Nb6 33. Nd6 Bxd5 34. Re3 Qc6 35. Ne8+ Kf7 36. Bf1 Be7 37. Qe2 Qxe8 38. h5 g5 39. Nb5 Bc4 40. Qb2 Rxb5 0-1

[Event "Olympiad-44"]
[Site "Chennai"]
[Date "2022.07.29"]
[Round "1.1"]
[White "Navara, David"]
[Black "Gerena Rivas, Eliam"]
[Result "1-0"]
[WhiteElo "2688"]
[BlackElo "2102"]
[PlyCount "110"]
[EventDate "2022.07.29"]
[EventType "team-swiss"]
[EventRounds "11"]
[EventCountry "IND"]
[SourceTitle "CBM 210"]
[Source "ChessBase"]
[SourceDate "2022.10.31"]
[SourceVersion "1"]
[SourceVersionDate "2022.10.31"]
[SourceQuality "1"]
[WhiteTeam "Czech Republic"]
[BlackTeam "Puerto Rico"]
[WhiteTeamCountry "CZE"]
[BlackTeamCountry "PUR"]

1. e4 e6 2. d4 d5 3. Nd2 c5 4. Ngf3 cxd4 5. Nxd4 Nc6 6. Bb5 Bd7 7. Nxc6 bxc6 8. Bd3 Bc5 9. 0-0 Ne7 10. Qh5 Ng6 11. Nf3 Qc7 12. e5 Be7 13. Re1 c5 14. Bg5 Bc6 15. Bxg6 fxg6 16. Qg4 Qd7 17. Bxe7 Qxe7 18. Ng5 Kd7 19. c4 h6 20. cxd5 Bxd5 21. Red1 Qxg5 22. Rxd5+ Ke7 23. Qxg5+ hxg5 24. Rxc5 Rhc8 25. Rac1 Rxc5 26. Rxc5 Rd8 27. g3 Rd2 28. Rc7+ Kf8 29. Rb7 g4 30. a3 a5 31. Rb5 a4 32. Rb4 Kf7 33. Rf4+ Ke7 34. Rxg4 Rxb2 35. Rxg6 Kf7 36. Rg4 Re2 37. Rxa4 Rxe5 38. h4 g6 39. Kg2 Re2 40. Kf3 Ra2 41. g4 Kf6 42. Ra5 Rc2 43. g5+ Ke7 44. Ra7+ Kd6 45. Rg7 Rc3+ 46. Kg4 Rxa3 47. Rxg6 Ra4+ 48. f4 Kd5 49. Rf6 Ra1 50. Kh5 Rh1 51. g6 Rg1 52. f5 exf5 53. Rxf5+ Ke6 54. Rg5 Rxg5+ 55. hxg5 Kd5 1-0

[Event "San Pedro de Macoris zt"]
[Site "San Pedro de Macoris"]
[Date "2021.11.08"]
[Round "1"]
[White "Gerena Rivas, Eliam"]
[Black "Polanco Nunez, Yoel Estarling"]
[Result "1/2-1/2"]
[WhiteElo "1993"]
[BlackElo "2222"]
[PlyCount "78"]
[EventDate "2021.11.08"]
[EventType "swiss"]
[EventRounds "9"]
[EventCountry "DOM"]
[SourceTitle "EXT 2023"]
[Source "ChessBase"]
[SourceDate "2022.10.05"]
[SourceVersion "1"]
[SourceVersionDate "2022.10.05"]
[SourceQuality "1"]

1. e4 e5 2. Nf3 Nc6 3. Bb5 a6 4. Ba4 Nf6 5. 0-0 Be7 6. Re1 b5 7. Bb3 d6 8. c3 0-0 9. h3 Nb8 10. d3 Nbd7 11. Nbd2 Bb7 12. Nf1 Nc5 13. Bc2 Re8 14. Ng3 g6 15. Nh2 Bf8 16. Qf3 Bg7 17. Be3 a5 18. Rad1 Qe7 19. Ng4 Nxg4 20. hxg4 Ne6 21. Ne2 c5 22. a4 Bc6 23. axb5 Bxb5 24. c4 Bc6 25. Nc3 Reb8 26. b3 Bh6 27. Nd5 Bxd5 28. exd5 Bxe3 29. dxe6 Bd4 30. Qxf7+ Qxf7 31. exf7+ Kxf7 32. Rb1 Kf6 33. g3 Kg5 34. Kg2 Kxg4 35. Re2 Kg5 36. Re4 a4 37. bxa4 Rb2 38. Re2 Rab8 39. a5 Ra8 1/2-1/2

[Event "Online Olym Div3 E"]
[Site "Chess.com INT"]
[Date "2021.08.27"]
[Round "3.1"]
[White "Roachford, Adam"]
[Black "Gerena Rivas, Eliam"]
[Result "0-1"]
[WhiteElo "1364"]
[BlackElo "1988"]
[PlyCount "72"]
[EventDate "2021.08.27"]
[EventType "team-tourn (rapid)"]
[EventRounds "9"]
[EventCountry "USA"]
[SourceTitle "CBM 204 Extra"]
[Source "ChessBase"]
[SourceDate "2021.11.30"]
[SourceVersion "1"]
[SourceVersionDate "2021.11.30"]
[SourceQuality "1"]
[WhiteTeam "Barbados"]
[BlackTeam "Puerto Rico"]
[WhiteTeamCountry "BAR"]
[BlackTeamCountry "PUR"]

1. e4 c5 2. Nf3 e6 3. c3 d5 4. exd5 Qxd5 5. Na3 Qd8 6. Be2 Nc6 7. 0-0 Nf6 8. Nc4 Be7 9. b3 0-0 10. Bb2 Qc7 11. d4 Rd8 12. Qc2 cxd4 13. cxd4 Nb4 14. Qc1 Nbd5 15. Nce5 Qxc1 16. Raxc1 Bd7 17. g3 Be8 18. a3 a6 19. Nd2 Rac8 20. Bd3 Bb5 21. Bxb5 axb5 22. b4 Nb6 23. f4 Na4 24. Ba1 Nd5 25. Ne4 f6 26. Nd3 b6 27. Rfe1 Kf7 28. g4 Rc4 29. Nb2 Nxb2 30. Bxb2 Nxf4 31. Red1 Ne2+ 32. Kf2 Nxc1 33. Bxc1 Rdxd4 34. Rxd4 Rxd4 35. Ke3 Rc4 36. h4 Rxc1 0-1

[Event "Bayamon Rio Hondo op 6th"]
[Site "Bayamon"]
[Date "2021.07.26"]
[Round "5"]
[White "Gerena Rivas, Eliam"]
[Black "Dixit, Arun"]
[Result "1/2-1/2"]
[WhiteElo "2001"]
[BlackElo "2084"]
[PlyCount "55"]
[EventDate "2021.07.24"]
[EventType "swiss"]
[EventRounds "7"]
[EventCountry "PUR"]
[SourceTitle "EXT 2022"]
[Source "ChessBase"]
[SourceDate "2021.10.06"]
[SourceVersion "1"]
[SourceVersionDate "2021.10.06"]
[SourceQuality "1"]

1. e4 c5 2. Nc3 g6 3. f4 Bg7 4. Nf3 Nc6 5. Bb5 Nd4 6. Nxd4 cxd4 7. Ne2 Qb6 8. Bd3 d5 9. e5 f6 10. exf6 Nxf6 11. 0-0 Bf5 12. Ng3 Bxd3 13. cxd3 0-0 14. b3 Ne4 15. Kh1 Nxg3+ 16. hxg3 g5 17. Qg4 gxf4 18. gxf4 e5 19. Ba3 Rxf4 20. Rxf4 Qh6+ 21. Kg1 Qxf4 22. Qxf4 exf4 23. Rc1 Be5 24. Re1 Bf6 25. Rc1 Be5 26. Re1 Bf6 27. Rc1 Be5 28. Re1 1/2-1/2

[Event "Bayamon Rio Hondo op 6th"]
[Site "Bayamon"]
[Date "2021.07.25"]
[Round "3"]
[White "Gerena Rivas, Eliam"]
[Black "Zilleruelo Irizarry, Diego"]
[Result "0-1"]
[WhiteElo "2001"]
[BlackElo "2102"]
[PlyCount "132"]
[EventDate "2021.07.24"]
[EventType "swiss"]
[EventRounds "7"]
[EventCountry "PUR"]
[SourceTitle "EXT 2022"]
[Source "ChessBase"]
[SourceDate "2021.10.06"]
[SourceVersion "1"]
[SourceVersionDate "2021.10.06"]
[SourceQuality "1"]

1. Nf3 Nf6 2. g3 g6 3. Bg2 Bg7 4. 0-0 0-0 5. d3 Nc6 6. e4 d6 7. Re1 e5 8. Nc3 h6 9. h3 Be6 10. d4 exd4 11. Nxd4 Nxd4 12. Qxd4 Nd5 13. Qd3 Nxc3 14. bxc3 Qd7 15. Kh2 Qa4 16. Be3 Rfe8 17. Bd4 Bc4 18. Qd2 Bf8 19. Reb1 Ba6 20. Be3 Kh7 21. f4 Rad8 22. Rb3 b6 23. Qd4 Qd7 24. Ra3 Bg7 25. Qd5 c6 26. Qd2 Bc4 27. Re1 Qe7 28. Ra4 d5 29. e5 c5 30. Bf1 Bxf1 31. Rxf1 h5 32. f5 Qxe5 33. Bg5 Qe2+ 34. Rf2 Qxd2 35. Rxd2 Rd7 36. c4 d4 37. fxg6+ Kxg6 38. Bf4 Rde7 39. Kg2 a5 40. Ra3 Re2+ 41. Kf3 Rxd2 42. Bxd2 Bh6 43. Bxh6 Kxh6 44. Rb3 Re6 45. Rd3 Kg5 46. c3 Rf6+ 47. Kg2 dxc3 48. Rxc3 h4 49. a3 hxg3 50. Kxg3 Rf4 51. Rb3 Rxc4 52. Rxb6 Rc3+ 53. Kf2 Rxh3 54. Rb5 Rxa3 55. Rxc5+ f5 56. Kg2 Kg4 57. Rc8 Ra2+ 58. Kf1 a4 59. Rc1 f4 60. Rb1 Kg3 61. Kg1 a3 62. Kh1 Rb2 63. Ra1 a2 64. Rd1 Rb1 65. Rg1+ Rxg1+ 66. Kxg1 a1R# 0-1

[Event "Bayamon Rio Hondo op 6th"]
[Site "Bayamon"]
[Date "2021.07.24"]
[Round "1"]
[White "Gerena Rivas, Eliam"]
[Black "Becerra Rivero, Julio"]
[Result "0-1"]
[WhiteElo "2001"]
[BlackElo "2495"]
[PlyCount "170"]
[EventDate "2021.07.24"]
[EventType "swiss"]
[EventRounds "7"]
[EventCountry "PUR"]
[SourceTitle "EXT 2022"]
[Source "ChessBase"]
[SourceDate "2021.10.06"]
[SourceVersion "1"]
[SourceVersionDate "2021.10.06"]
[SourceQuality "1"]

1. d4 Nf6 2. c4 e6 3. Nc3 d5 4. Nf3 c6 5. e3 Nbd7 6. Qc2 Bd6 7. Bd3 0-0 8. 0-0 e5 9. cxd5 cxd5 10. Nb5 Bb8 11. dxe5 Nxe5 12. Be2 Bd7 13. Nbd4 Qb6 14. Qb3 Qxb3 15. axb3 Rc8 16. Bd2 a6 17. Rfc1 Bd6 18. Nxe5 Bxe5 19. Bf3 g5 20. g3 Rxc1+ 21. Rxc1 Rc8 22. Rxc8+ Bxc8 23. Bc3 Ne4 24. Kf1 Bd7 25. Ke1 f5 26. Bxe4 dxe4 27. f4 gxf4 28. exf4 Bc7 29. Nc2 Kf7 30. Bd4 Ke6 31. Ne3 Ba5+ 32. Bc3 Bb6 33. Kd2 h5 34. Be5 Bc5 35. Bc3 Kd6 36. Ke2 Be6 37. b4 Bb6 38. Kd2 Kc6 39. Ke2 Kb5 40. Nc2 Kc4 41. h3 Kb3 42. Na1+ Ka2 43. Nc2 Bc4+ 44. Ke1 Kb3 45. Kd2 Bf1 46. Bd4 Bd8 47. h4 Bb5 48. Bc3 Bd7 49. Nd4+ Kc4 50. b3+ Kd5 51. Nc2 Be6 52. Ne3+ Kc6 53. Bd4 Kb5 54. Kc3 a5 55. Nc2 axb4+ 56. Kb2 Be7 57. Be3 Kc6 58. Bd2 Kd5 59. Ne3+ Kc5 60. Nc2 Bf6+ 61. Ka2 Bc3 62. Be3+ Kd5 63. Kb1 Kd6 64. Ka2 Bd7 65. Kb1 Kd5 66. Kc1 Bb5 67. Bg1 e3 68. Bxe3 Bd3 69. Bb6 Bxc2 70. Kxc2 Ke4 71. Bd8 Be1 72. Kd1 Bxg3 73. Ke2 Kxf4 74. Be7 Kg4 75. Bxb4 Bxh4 76. Bd6 Bg3 77. Bc5 h4 78. Kf1 h3 79. Kg1 Kf3 80. Kh1 Ke2 81. b4 b5 82. Bd4 f4 83. Bc5 f3 84. Bd4 f2 85. Be5 f1Q# 0-1